Kinetic study of coals gasification into carbon dioxide atmosphere; MATEC Web of Conferences; Vol. 23 : Heat and Mass Transfer in the Thermal Control System of Technical and Technological Energy Equipment

מידע ביבליוגרפי
Parent link:MATEC Web of Conferences
Vol. 23 : Heat and Mass Transfer in the Thermal Control System of Technical and Technological Energy Equipment.— 2015.— [01020, 6 p.]
מחבר ראשי: Korotkikh A. G. Aleksandr Gennadievich
מחבר תאגידי: Национальный исследовательский Томский политехнический университет (ТПУ) Энергетический институт (ЭНИН) Кафедра атомных и тепловых электростанций (АТЭС)
מחברים אחרים: Slusarskiy (Slyusarsky) K. V. Konstantin Vitalievich
סיכום:Title screen
The solid fuel gasification process was investigated to define chemical reactions rate and activation energy for a gas-generator designing and regime optimizing. An experimental procedure includes coal char samples of Kuznetskiy and Kansko-Achinskiy deposits consequent argon pyrolysis into argon and oxidating into carbon dioxide with different temperatures. The thermogravimetric analysis data of coal char gasification into carbon dioxide was obtained in the temperature range 900-1200°С. The mass loss and gasification time dependencies from temperature were defined to calculate chemical reaction frequency factor and activation energy. Two coal char gasification physico-mathematical models were proposed and recommendations for them were formed.
שפה:אנגלית
יצא לאור: 2015
נושאים:
גישה מקוונת:http://dx.doi.org/10.1051/matecconf/20152301020
http://earchive.tpu.ru/handle/11683/15370
פורמט: MixedMaterials אלקטרוני Book Chapter
KOHA link:https://koha.lib.tpu.ru/cgi-bin/koha/opac-detail.pl?biblionumber=645226

MARC

LEADER 00000nla2a2200000 4500
001 645226
005 20241211120722.0
035 |a (RuTPU)RU\TPU\network\10310 
035 |a RU\TPU\network\10309 
090 |a 645226 
100 |a 20151212a2015 k y0engy50 ba 
101 0 |a eng 
105 |a y z 100zy 
135 |a drgn ---uucaa 
181 0 |a i  
182 0 |a b 
200 1 |a Kinetic study of coals gasification into carbon dioxide atmosphere  |f A. G. Korotkikh, K. V. Slusarskiy (Slyusarsky) 
203 |a Text  |c electronic 
300 |a Title screen 
320 |a [References: 10 tit.] 
330 |a The solid fuel gasification process was investigated to define chemical reactions rate and activation energy for a gas-generator designing and regime optimizing. An experimental procedure includes coal char samples of Kuznetskiy and Kansko-Achinskiy deposits consequent argon pyrolysis into argon and oxidating into carbon dioxide with different temperatures. The thermogravimetric analysis data of coal char gasification into carbon dioxide was obtained in the temperature range 900-1200°С. The mass loss and gasification time dependencies from temperature were defined to calculate chemical reaction frequency factor and activation energy. Two coal char gasification physico-mathematical models were proposed and recommendations for them were formed. 
461 0 |0 (RuTPU)RU\TPU\network\4526  |t MATEC Web of Conferences 
463 0 |0 (RuTPU)RU\TPU\network\9794  |t Vol. 23 : Heat and Mass Transfer in the Thermal Control System of Technical and Technological Energy Equipment  |o April 22-23, 2015, Tomsk, Russia  |f National Research Tomsk Polytechnic University (TPU) ; ed. G. V. Kuznetsov [et al.]  |o [proceedings]  |v [01020, 6 p.]  |d 2015 
610 1 |a электронный ресурс 
610 1 |a труды учёных ТПУ 
610 1 |a кинетические исследования 
610 1 |a угли 
610 1 |a газификация 
610 1 |a атмосфера 
610 1 |a диоксид углерода 
700 1 |a Korotkikh  |b A. G.  |c specialist in the field of power engineering  |c Professor of Tomsk Polytechnic University, Doctor of Physical and Mathematical Sciences  |f 1976-  |g Aleksandr Gennadievich  |3 (RuTPU)RU\TPU\pers\34763  |9 18113 
701 1 |a Slusarskiy (Slyusarsky)  |b K. V.  |g Konstantin Vitalievich  |f 1990-  |c specialist in the field of power engineering  |c Associate Professor of Tomsk Polytechnic University, Candidate of Physical and Mathematical Sciences  |y Tomsk  |3 (RuTPU)RU\TPU\pers\35634  |9 18803 
712 0 2 |a Национальный исследовательский Томский политехнический университет (ТПУ)  |b Энергетический институт (ЭНИН)  |b Кафедра атомных и тепловых электростанций (АТЭС)  |3 (RuTPU)RU\TPU\col\18683 
801 2 |a RU  |b 63413507  |c 20161122  |g RCR 
856 4 |u http://dx.doi.org/10.1051/matecconf/20152301020 
856 4 |u http://earchive.tpu.ru/handle/11683/15370 
942 |c CF